000 00330nam a22001577a 4500
003 SGT
020 _a978-93-325-3790-3
082 _a152, S15B
100 _aBARON, ROBERT
245 _aSOCIAL PSYCHOLOGY
250 _a13TH
260 _aDELHI
_bPEARSON
_c2015
300 _a481
650 _aPSYCHOLOGY
942 _2ddc
_cBK
_06
999 _c9197
_d9197